000
00327nam a22001337a 4500
008
260601b |||||||| |||| 00| 0 eng d
020
_a
9789381275719
082
_a
001840
100
_a
P S Acharya
245
_a
Srimadbhagvatam
260
_a
Bangalore
_b
Poornaprajna Samshodhana Mandiram
_c
2023
300
_a
909p
942
_2
ddc
999
_c
1508
_d
1508